| 000 | 00580nam a2200181 a 4500 | ||
|---|---|---|---|
| 001 | 000027462 | ||
| 005 | 20240228142033.0 | ||
| 008 | 110331s1997 dr a r 000 0 spa d | ||
| 020 | _a9768156694 | ||
| 040 |
_aDO-SdBNP _bspa _cBNPHU |
||
| 082 |
_axxxx _bxxxx |
||
| 245 | 0 | 0 |
_aAventuras de un cuadro misterioso / _cprólogo de Manuel Mora Serrano. |
| 260 |
_aSanto Domingo : _bAmigo del Hogar, _c1997. |
||
| 300 |
_a108 p. : _bil. ; _c29 cm. |
||
| 500 | _aIncluye índice | ||
| 700 | 1 |
_aMora Serrano, Manuel, _c1933- _epról. _95162 |
|
| 710 | 2 |
_aFundación Dr. José Ramia Yapur _954533 |
|
| 999 |
_c26954 _d26954 |
||